000 00333nam a2200133Ia 4500
005 20251222144633.0
008 251222s9999||||xx |||||||||||||| ||spa||
020 _a84-345-8382-8
082 _a567.91/C525
100 _aCharig, Alan
245 0 _aLa Verdadera Historia de los Dinosaurios
264 _bSalvat Editores
942 _cLIB
999 _c16390
_d16390